Tengku Abdul Rahman and Malaysia's foreign policy, 1963-1970 /
Saved in:
| Main Author: | |
|---|---|
| Format: | Thesis Book |
| Language: | English |
| Published: |
1984.
|
| Subjects: | |
| Tags: |
Add Tag
No Tags, Be the first to tag this record!
|
| LEADER | 00986cam a2200265 4500 | ||
|---|---|---|---|
| 001 | u53791 | ||
| 003 | SIRSI | ||
| 008 | 880301s1984 uk v 00 1 eng m | ||
| 035 | |a AAF-7828 | ||
| 040 | |a UMM | ||
| 043 | |a a-my--- | ||
| 090 | |a DS597.15 |b A22Abda | ||
| 100 | 0 | 0 | |a Abdullah Ahmad, |c Tan Sri Dato' Seri, |d 1937- |
| 245 | 1 | 0 | |a Tengku Abdul Rahman and Malaysia's foreign policy, 1963-1970 / |c Dato' Abdullah Ahmad. |
| 260 | |c 1984. | ||
| 300 | |a ix, 164 leaves ; |c 29 cm. | ||
| 500 | |a Photocopy. | ||
| 502 | |a Dissertation (M. Litt.) - University of Cambridge, 1984. | ||
| 600 | 0 | 0 | |a Tunku Abdul Rahman Putra Al-Haj, |d 1903-1990. |
| 651 | 0 | |a Malaya |x Foreign relations. | |
| 651 | 0 | |a Malaysia |x Politics and government. | |
| 948 | |a 16/03/1991 |b 28/04/2004 | ||
| 596 | |a 1 | ||
| 999 | |a FDS597.15 A22ABDA |w LC |c 1 |i A010417846 |d 7/4/1995 |l B_KOM4 |m P01UTAMA |n 1 |r Y |s Y |t TESIS |u 22/11/1991 |o .PUBLIC. BKOM 4 : 28445 | ||
| 999 | |a FDS597.15 A22ABDA |w LC |c 2 |i A010621517 |l STACKS |m P01UTAMA |r Y |s Y |t TESIS |u 22/11/1991 | ||
